[Event "Kingston Canada zt"]
[Site "Kingston"]
[Date "2022.04.15"]
[Round "5"]
[White "Chen, Max"]
[Black "Tremblay, Rejean"]
[Result "1-0"]
[WhiteElo "1997"]
[BlackElo "2167"]
[PlyCount "65"]
[EventDate "2022.04.13"]
[EventType "swiss"]
[EventRounds "9"]
[EventCountry "CAN"]
[SourceTitle "CBM 207 Extra"]
[Source "ChessBase"]
[SourceDate "2022.05.31"]
[SourceVersion "1"]
[SourceVersionDate "2022.05.31"]
[SourceQuality "1"]

1. e4 e5 2. Nf3 Nc6 3. Bc4 Bc5 4. c3 Nf6 5. d3 d6 6. Nbd2 0-0 7. 0-0 Bb6 8. Bb3 Ne7 9. h3 c6 10. Re1 Ng6 11. Nf1 Nh5 12. d4 Nhf4 13. Ng3 exd4 14. Nxd4 Qg5 15. Qf3 h5 16. Nde2 Nxe2+ 17. Rxe2 Qe5 18. Nf5 Bxf5 19. exf5 Nh4 20. Qxh5 Qg3 21. Qg4 Qxg4 22. hxg4 Rfe8 23. Rxe8+ Rxe8 24. Bg5 Re2 25. Bxh4 Rxb2 26. Re1 d5 27. c4 dxc4 28. Bxc4 Rb4 29. Re8+ Kh7 30. Bxf7 Rb1+ 31. Kh2 Bc7+ 32. g3 Rb2 33. Bg6+ 1-0

[Event "Canada zt"]
[Site "Kingston"]
[Date "2019.04.22"]
[Round "9"]
[White "Findlay, Ian T"]
[Black "Tremblay, Rejean"]
[Result "1/2-1/2"]
[WhiteElo "2233"]
[BlackElo "2146"]
[PlyCount "48"]
[EventDate "2019.04.18"]
[EventType "swiss"]
[EventRounds "9"]
[EventCountry "CAN"]
[SourceTitle "CBM 190 Extra"]
[Source "ChessBase"]
[SourceDate "2019.07.15"]
[SourceVersion "1"]
[SourceVersionDate "2019.07.15"]
[SourceQuality "1"]

1. e4 c5 2. Nf3 d6 3. d4 cxd4 4. Nxd4 Nf6 5. Nc3 a6 6. h3 g6 7. Be3 Bg7 8. Qd2 Nc6 9. 0-0-0 Bd7 10. g4 h6 11. f4 Rc8 12. Nxc6 Bxc6 13. Bg2 Qa5 14. Kb1 0-0 15. Nd5 Nxd5 16. exd5 Qxd2 17. Rxd2 Bd7 18. Re1 Rfe8 19. Rd3 f5 20. Bf3 Kf7 21. Bd2 fxg4 22. hxg4 Bb5 23. Rde3 Bd7 24. Rd3 Bb5 1/2-1/2

[Event "Canada zt"]
[Site "Kingston"]
[Date "2019.04.21"]
[Round "7"]
[White "Samsonkin, Artiom"]
[Black "Tremblay, Rejean"]
[Result "1-0"]
[WhiteElo "2424"]
[BlackElo "2146"]
[PlyCount "107"]
[EventDate "2019.04.18"]
[EventType "swiss"]
[EventRounds "9"]
[EventCountry "CAN"]
[SourceTitle "CBM 190 Extra"]
[Source "ChessBase"]
[SourceDate "2019.07.15"]
[SourceVersion "1"]
[SourceVersionDate "2019.07.15"]
[SourceQuality "1"]

1. e4 e6 2. d4 d5 3. Nc3 Nf6 4. e5 Nfd7 5. f4 c5 6. Nf3 Nc6 7. Be3 Qb6 8. Na4 Qa5+ 9. c3 c4 10. b4 Qd8 11. Be2 b5 12. Nc5 Nxc5 13. dxc5 a5 14. a3 Be7 15. 0-0 0-0 16. Nd4 Nxd4 17. Bxd4 Bd7 18. Bf3 f5 19. exf6 Bxf6 20. Qd2 Bxd4+ 21. Qxd4 Qf6 22. Qxf6 Rxf6 23. Bg4 Ra6 24. g3 Rf8 25. Rfe1 g6 26. Rad1 Bc8 27. Re3 axb4 28. axb4 Kf7 29. Rde1 Rd8 30. Rd1 Rd7 31. Kf2 Rc7 32. Re2 Ra3 33. Rc2 Rca7 34. Ke3 Bd7 35. Bf3 h5 36. Kd4 Kf6 37. h3 Ra2 38. Rcd2 Rxd2+ 39. Rxd2 Ra1 40. Bd1 Be8 41. g4 hxg4 42. hxg4 Rc1 43. Bc2 Rf1 44. g5+ Ke7 45. Rh2 Rxf4+ 46. Ke5 Rg4 47. Rh7+ Bf7 48. c6 Rxg5+ 49. Kf4 Rg1 50. Rxf7+ Kxf7 51. c7 Rf1+ 52. Ke3 Rc1 53. Kd2 Rxc2+ 54. Kxc2 1-0

[Event "Canada zt"]
[Site "Kingston"]
[Date "2019.04.20"]
[Round "5"]
[White "Tremblay, Rejean"]
[Black "Rodrigue Lemieux, Shawn"]
[Result "1-0"]
[WhiteElo "2146"]
[BlackElo "2282"]
[PlyCount "107"]
[EventDate "2019.04.18"]
[EventType "swiss"]
[EventRounds "9"]
[EventCountry "CAN"]
[SourceTitle "CBM 190 Extra"]
[Source "ChessBase"]
[SourceDate "2019.07.15"]
[SourceVersion "1"]
[SourceVersionDate "2019.07.15"]
[SourceQuality "1"]

1. d4 Nf6 2. c4 e6 3. Nf3 d5 4. Nc3 Bb4 5. Bg5 h6 6. Bxf6 Qxf6 7. Qb3 Nc6 8. a3 Ba5 9. cxd5 exd5 10. Qxd5 Be6 11. Qb5 0-0-0 12. e3 Rd5 13. Qa4 Bxc3+ 14. bxc3 Qg6 15. c4 Ra5 16. Qb3 Bg4 17. Be2 Re8 18. Qc3 Qf6 19. Ne5 Bxe2 20. Nxc6 Rf5 21. Nxa7+ Kb8 22. Nb5 Qc6 23. Kxe2 Rxb5 24. f3 Rg5 25. Kf2 Re6 26. Rhg1 Rf6 27. Raf1 Qd6 28. g3 Qe6 29. Kg2 Rh5 30. Kh1 Qh3 31. Rg2 Rg6 32. Kg1 Ra6 33. d5 Rg5 34. e4 h5 35. Rb1 h4 36. g4 Rf6 37. Rf1 Rgg6 38. c5 Rf4 39. Qe5 Rxf3 40. Rb1 Rxa3 41. Qe8+ Ka7 42. Qc8 Qe3+ 43. Kh1 Rb3 44. Ra2+ Ra6 45. Rxa6+ bxa6 46. Qxc7+ Ka8 47. Qd8+ Kb7 48. Qe7+ Kc8 49. Qe8+ Kc7 50. Qxf7+ Kd8 51. Qf8+ Kd7 52. c6+ Kc7 53. Qe7+ Kb8 54. Rf1 1-0

[Event "Canada zt"]
[Site "Kingston"]
[Date "2019.04.19"]
[Round "3"]
[White "Rusonik, Max"]
[Black "Tremblay, Rejean"]
[Result "0-1"]
[WhiteElo "1900"]
[BlackElo "2146"]
[PlyCount "32"]
[EventDate "2019.04.18"]
[EventType "swiss"]
[EventRounds "9"]
[EventCountry "CAN"]
[SourceTitle "CBM 190 Extra"]
[Source "ChessBase"]
[SourceDate "2019.07.15"]
[SourceVersion "1"]
[SourceVersionDate "2019.07.15"]
[SourceQuality "1"]

1. e4 c5 2. Nf3 d6 3. d4 cxd4 4. Nxd4 Nf6 5. f3 Nc6 6. c4 Nxd4 7. Qxd4 g6 8. Nc3 Bg7 9. Bg5 0-0 10. Qe3 Be6 11. Rc1 Qa5 12. Be2 Rac8 13. b3 b5 14. cxb5 Nd7 15. 0-0 Bxc3 16. Bxe7 Bd2 0-1

[Event "Montreal Choc des Generations"]
[Site "Montreal"]
[Date "2019.03.29"]
[Round "1.3"]
[White "Tanaka, Taira Tyler"]
[Black "Tremblay, Rejean"]
[Result "0-1"]
[WhiteElo "1951"]
[BlackElo "2146"]
[PlyCount "74"]
[EventDate "2019.03.29"]
[EventType "swiss"]
[EventRounds "5"]
[EventCountry "CAN"]
[SourceTitle "EXT 2022"]
[Source "ChessBase"]
[SourceDate "2021.10.06"]
[SourceVersion "1"]
[SourceVersionDate "2021.10.06"]
[SourceQuality "1"]

1. e4 c5 2. Nf3 d6 3. d4 cxd4 4. Nxd4 Nf6 5. Nc3 a6 6. Bg5 e6 7. f4 b5 8. a3 Nbd7 9. Be2 Bb7 10. Bf3 Qb6 11. Qd2 Be7 12. 0-0-0 0-0 13. Rhe1 h6 14. Bxf6 Bxf6 15. Kb1 Nc5 16. f5 b4 17. axb4 Qxb4 18. Na2 Qb6 19. c3 Rfb8 20. Re2 e5 21. Nc2 Bxe4 22. b4 Bxf3 23. gxf3 Qc6 24. Rg1 Qxf3 25. Reg2 Kh7 26. Qxd6 Ne4 27. Qc7 Rb7 28. Qc4 a5 29. Kb2 Nd6 30. Qc5 axb4 31. Ncxb4 Ne4 32. Qd5 Rxa2+ 33. Qxa2 Qxc3+ 34. Kb1 Rxb4+ 35. Rb2 Nd2+ 36. Ka1 Rxb2 37. Qxb2 Qa5+ 0-1

[Event "Quebec Millenium"]
[Site "Quebec"]
[Date "2018.10.31"]
[Round "4"]
[White "Tremblay, Rejean"]
[Black "Bernatchez, Dan"]
[Result "1/2-1/2"]
[WhiteElo "2220"]
[BlackElo "1974"]
[PlyCount "116"]
[EventDate "2018.10.10"]
[EventType "swiss"]
[EventRounds "5"]
[EventCountry "CAN"]
[SourceTitle "EXT 2022"]
[Source "ChessBase"]
[SourceDate "2021.10.06"]
[SourceVersion "1"]
[SourceVersionDate "2021.10.06"]
[SourceQuality "1"]

1. d4 Nf6 2. c4 e6 3. Nc3 Bb4 4. Qc2 c5 5. dxc5 Na6 6. a3 Bxc3+ 7. Qxc3 Nxc5 8. b4 Nce4 9. Qd4 d5 10. cxd5 Qxd5 11. Bb2 Qxd4 12. Bxd4 b6 13. f3 Nd6 14. e4 Bb7 15. Bd3 Nd7 16. Ne2 Rc8 17. 0-0 0-0 18. Rfd1 Rfd8 19. Rac1 Rxc1 20. Rxc1 Rc8 21. Rxc8+ Bxc8 22. Ng3 f6 23. Nf1 e5 24. Bf2 Kf7 25. Nd2 Nf8 26. a4 Be6 27. Nb1 Ke7 28. Nc3 Kd7 29. a5 Kc7 30. axb6+ axb6 31. Kf1 Kc6 32. Ke2 Nd7 33. h4 b5 34. Nd5 Bxd5 35. exd5+ Kxd5 36. Bxh7 Kc4 37. Be1 Kd4 38. Bg8 Nc4 39. Bf2+ Kc3 40. Bc5 Nb2 41. g3 Nd3 42. Be7 Nxb4 43. Be6 Nb6 44. Bf8 Nc6 45. Bg8 g6 46. Bf7 Nd7 47. Bg7 Nd4+ 48. Kf2 b4 49. Bxg6 b3 50. g4 Nc2 51. h5 b2 52. Bxc2 Kxc2 53. h6 b1Q 54. h7 Kd2 55. h8Q Qe1+ 56. Kg2 Qe2+ 57. Kg3 Qe1+ 58. Kg2 Qe2+ 1/2-1/2

[Event "Quebec Millenium"]
[Site "Quebec"]
[Date "2018.10.10"]
[Round "1"]
[White "Potvin, Alain Nicolas"]
[Black "Tremblay, Rejean"]
[Result "0-1"]
[WhiteElo "1811"]
[BlackElo "2220"]
[PlyCount "74"]
[EventDate "2018.10.10"]
[EventType "swiss"]
[EventRounds "5"]
[EventCountry "CAN"]
[SourceTitle "EXT 2022"]
[Source "ChessBase"]
[SourceDate "2021.10.06"]
[SourceVersion "1"]
[SourceVersionDate "2021.10.06"]
[SourceQuality "1"]

1. d4 Nf6 2. Nf3 g6 3. e3 Bg7 4. Bd3 0-0 5. b3 b6 6. Bb2 Bb7 7. Nbd2 c5 8. 0-0 Nc6 9. a3 Rc8 10. Rc1 d5 11. Qe2 e6 12. c4 cxd4 13. Nxd4 Qd6 14. N2f3 Nxd4 15. Nxd4 a6 16. Nf3 dxc4 17. Bxc4 Ng4 18. Rfd1 Qb8 19. Bxg7 Bxf3 20. Qxf3 Qxh2+ 21. Kf1 Qh4 22. Ke2 Kxg7 23. Bxa6 Ra8 24. Bb7 Rxa3 25. Rc4 h5 26. g3 Qe7 27. Rc3 Qb4 28. Qc6 Ne5 29. Qc7 Qb5+ 30. Ke1 Ra2 31. Rc2 Nd3+ 32. Rxd3 Qxd3 33. Rxa2 Qb1+ 34. Kd2 Qxa2+ 35. Qc2 Rd8+ 36. Kc3 Qa1+ 37. Kb4 Qa5+ 0-1

[Event "Quebec Alekhine"]
[Site "Quebec"]
[Date "2018.09.26"]
[Round "4"]
[White "Bernatchez, Dan"]
[Black "Tremblay, Rejean"]
[Result "0-1"]
[WhiteElo "1974"]
[BlackElo "2220"]
[PlyCount "38"]
[EventDate "2018.09.05"]
[EventType "swiss"]
[EventRounds "5"]
[EventCountry "CAN"]
[SourceTitle "EXT 2022"]
[Source "ChessBase"]
[SourceDate "2021.10.06"]
[SourceVersion "1"]
[SourceVersionDate "2021.10.06"]
[SourceQuality "1"]

1. d4 Nf6 2. c4 g6 3. Nc3 Bg7 4. e4 d6 5. Nf3 0-0 6. h3 e5 7. dxe5 dxe5 8. Be3 Qe7 9. Qc2 c6 10. Be2 Nbd7 11. 0-0 Nh5 12. Rfd1 Nf4 13. Bf1 Nc5 14. b4 Nce6 15. g3 Nh5 16. b5 c5 17. Nd5 Qd8 18. Nf4 exf4 19. Rxd8 Rxd8 0-1

[Event "Canadian op"]
[Site "Quebec"]
[Date "2018.07.09"]
[Round "4"]
[White "Tremblay, Rejean"]
[Black "Gaisinsky, Adam"]
[Result "1/2-1/2"]
[WhiteElo "2196"]
[BlackElo "1959"]
[PlyCount "82"]
[EventDate "2018.07.07"]
[EventType "swiss"]
[EventRounds "9"]
[EventCountry "CAN"]
[SourceTitle "EXT 2019"]
[Source "ChessBase"]
[SourceDate "2018.10.10"]
[SourceVersion "1"]
[SourceVersionDate "2018.10.10"]
[SourceQuality "1"]

1. d4 Nf6 2. c4 e6 3. Nf3 b6 4. a3 Bb7 5. Nc3 d5 6. cxd5 Nxd5 7. e3 Be7 8. Bb5+ c6 9. Bd3 0-0 10. 0-0 c5 11. Qe2 Nd7 12. Rd1 Rc8 13. Nxd5 exd5 14. Bf5 g6 15. Bh3 f5 16. dxc5 bxc5 17. b3 Bf6 18. Bb2 Qe7 19. b4 c4 20. Bxf6 Nxf6 21. Nd4 Ne4 22. Rdc1 Qh4 23. f4 Rf6 24. Rc2 Rb6 25. Qf1 Bc6 26. Nxc6 Rbxc6 27. Rd1 Rd8 28. g3 Qe7 29. Bg2 Re6 30. Qf3 Nf6 31. Rc3 Re8 32. Re1 Qc7 33. Qd1 Rd8 34. Qd4 Ne4 35. Rc2 Qb6 36. Rd1 Qxd4 37. Rxd4 Red6 38. Bxe4 fxe4 39. Kf2 Kf7 40. Ke2 Ke6 41. Rd1 Rc8 1/2-1/2

[Event "Canadian op"]
[Site "Quebec"]
[Date "2018.07.08"]
[Round "2"]
[White "Tremblay, Rejean"]
[Black "Itkin, David"]
[Result "0-1"]
[WhiteElo "2196"]
[BlackElo "2239"]
[PlyCount "70"]
[EventDate "2018.07.07"]
[EventType "swiss"]
[EventRounds "9"]
[EventCountry "CAN"]
[SourceTitle "EXT 2019"]
[Source "ChessBase"]
[SourceDate "2018.10.10"]
[SourceVersion "1"]
[SourceVersionDate "2018.10.10"]
[SourceQuality "1"]

1. d4 Nf6 2. c4 g6 3. Nc3 Bg7 4. e4 d6 5. Be2 0-0 6. Nf3 c5 7. 0-0 Re8 8. Re1 Bg4 9. dxc5 dxc5 10. Qxd8 Rxd8 11. e5 Nfd7 12. h3 Be6 13. Nb5 Nc6 14. Nc7 Rac8 15. Nxe6 fxe6 16. Ng5 Nd4 17. Bg4 Nf8 18. Bd1 h6 19. Nf3 Nd7 20. Bf4 Nb8 21. b3 Nbc6 22. h4 Nb4 23. Nxd4 Rxd4 24. Be3 Rxh4 25. f4 Nd3 26. Rf1 g5 27. g3 Rh3 28. Kg2 gxf4 29. Kxh3 fxe3 30. Bg4 Bxe5 31. Rad1 Rd8 32. Bxe6+ Kg7 33. Bg4 Nf2+ 34. Rxf2 exf2 35. Rxd8 f1Q+ 0-1

[Event "Canadian op"]
[Site "Quebec"]
[Date "2018.07.07"]
[Round "1"]
[White "Bernatchez, Dan"]
[Black "Tremblay, Rejean"]
[Result "1/2-1/2"]
[WhiteElo "1793"]
[BlackElo "2196"]
[PlyCount "59"]
[EventDate "2018.07.07"]
[EventType "swiss"]
[EventRounds "9"]
[EventCountry "CAN"]
[SourceTitle "EXT 2019"]
[Source "ChessBase"]
[SourceDate "2018.10.10"]
[SourceVersion "1"]
[SourceVersionDate "2018.10.10"]
[SourceQuality "1"]

1. d4 Nf6 2. Nf3 b6 3. g3 e6 4. Bg2 Bb7 5. 0-0 Be7 6. c4 0-0 7. Nc3 Ne4 8. Qc2 Nxc3 9. Qxc3 c5 10. e3 Be4 11. b3 Bf6 12. Bb2 Nc6 13. Rfd1 cxd4 14. exd4 Rc8 15. Ne5 Bxg2 16. Kxg2 d5 17. Qf3 Qd6 18. Ng4 Be7 19. cxd5 Qxd5 20. Qxd5 exd5 21. Ne3 Rfd8 22. Rac1 Bg5 23. f4 Bf6 24. Ng4 Be7 25. Ne5 Nb4 26. Ba3 Kf8 27. Re1 f6 28. Nd3 Rxc1 29. Nxc1 Bd6 30. Re6 1/2-1/2

[Event "New York Int op 11th"]
[Site "New York"]
[Date "2018.06.16"]
[Round "6"]
[White "O'Donnell, Conor"]
[Black "Tremblay, Rejean"]
[Result "1/2-1/2"]
[WhiteElo "2395"]
[BlackElo "2178"]
[PlyCount "42"]
[EventDate "2018.06.13"]
[EventType "swiss"]
[EventRounds "9"]
[EventCountry "USA"]
[SourceTitle "CBM 185 Extra"]
[Source "ChessBase"]
[SourceDate "2018.07.29"]
[SourceVersion "1"]
[SourceVersionDate "2018.07.29"]
[SourceQuality "1"]

1. d4 Nf6 2. c4 e6 3. Nc3 d5 4. cxd5 Nxd5 5. Nf3 c5 6. e4 Nxc3 7. bxc3 cxd4 8. cxd4 Bb4+ 9. Bd2 Bxd2+ 10. Qxd2 0-0 11. Rc1 b6 12. Bb5 Bb7 13. Qc2 a6 14. Bd3 Nc6 15. Qb2 Nxd4 16. Qxd4 Qxd4 17. Nxd4 Rfd8 18. Rc7 Rxd4 19. Rxb7 Rxd3 20. Rxb6 Rd4 21. f3 Rad8 1/2-1/2

[Event "Montreal Choc des Generations"]
[Site "Montreal"]
[Date "2018.04.07"]
[Round "3"]
[White "Tremblay, Rejean"]
[Black "Yu, Zong Yang"]
[Result "0-1"]
[WhiteElo "2179"]
[BlackElo "2406"]
[PlyCount "52"]
[EventDate "2018.04.06"]
[EventType "swiss"]
[EventRounds "5"]
[EventCountry "CAN"]
[SourceTitle "EXT 2022"]
[Source "ChessBase"]
[SourceDate "2021.10.06"]
[SourceVersion "1"]
[SourceVersionDate "2021.10.06"]
[SourceQuality "1"]

1. e4 c6 2. Nc3 d5 3. Nf3 Bg4 4. h3 Bxf3 5. Qxf3 Nf6 6. exd5 cxd5 7. Bb5+ Nc6 8. 0-0 e6 9. Re1 Be7 10. Bxc6+ bxc6 11. b3 0-0 12. Bb2 Nd7 13. d4 Bf6 14. Na4 Re8 15. Rad1 Qa5 16. Bc3 Qb5 17. Re3 Rac8 18. Rd2 Bg5 19. Qg3 Bxe3 20. fxe3 Qb8 21. Qf3 f6 22. e4 Kh8 23. Rf2 e5 24. exd5 exd4 25. dxc6 Ne5 26. Bxd4 Nxf3+ 0-1

[Event "Quebec Keres"]
[Site "Quebec"]
[Date "2017.05.15"]
[Round "3"]
[White "Glode, Martin"]
[Black "Tremblay, Rejean"]
[Result "1/2-1/2"]
[WhiteElo "1885"]
[BlackElo "2252"]
[PlyCount "39"]
[EventDate "2017.05.01"]
[EventType "swiss"]
[EventRounds "5"]
[EventCountry "CAN"]
[SourceTitle "EXT 2022"]
[Source "ChessBase"]
[SourceDate "2021.10.06"]
[SourceVersion "1"]
[SourceVersionDate "2021.10.06"]
[SourceQuality "1"]

1. e4 c5 2. c3 Nf6 3. e5 Nd5 4. Nf3 Nc6 5. Na3 g6 6. g3 Bg7 7. Bg2 0-0 8. 0-0 a6 9. d4 cxd4 10. Nxd4 Nxd4 11. Qxd4 Nc7 12. Nc4 d6 13. Rd1 Rb8 14. Qb6 d5 15. Bf4 Be6 16. Ne3 g5 17. Bxg5 Bxe5 18. Nc4 Bg7 19. Bf4 Na8 20. Qa7 1/2-1/2

[Event "Montreal Choc des Generations"]
[Site "Montreal"]
[Date "2017.04.09"]
[Round "4.4"]
[White "Tremblay, Rejean"]
[Black "Ouellet, Maili Jade"]
[Result "1-0"]
[WhiteElo "2181"]
[BlackElo "1986"]
[PlyCount "87"]
[EventDate "2017.04.07"]
[EventType "swiss"]
[EventRounds "5"]
[EventCountry "CAN"]
[SourceTitle "EXT 2022"]
[Source "ChessBase"]
[SourceDate "2021.10.06"]
[SourceVersion "1"]
[SourceVersionDate "2021.10.06"]
[SourceQuality "1"]

1. d4 d5 2. c4 e6 3. Nf3 Nf6 4. Nc3 Be7 5. Bf4 0-0 6. e3 Nbd7 7. Be2 dxc4 8. Bxc4 a6 9. Ne5 c5 10. a4 Nb6 11. Bd3 Nbd5 12. Bg5 h6 13. Bh4 cxd4 14. exd4 Nf4 15. 0-0 Nxd3 16. Qxd3 Nd5 17. Bxe7 Nxe7 18. a5 Bd7 19. Rfd1 Bc6 20. b4 Rc8 21. Rac1 Nd5 22. Nxc6 Rxc6 23. Nxd5 Qxd5 24. Rc5 Rxc5 25. dxc5 Rd8 26. Qxd5 exd5 27. f3 f6 28. Kf2 Kf7 29. Ke3 Ke6 30. Kd4 Ke7 31. Re1+ Kf7 32. b5 axb5 33. Rb1 Rd7 34. Rxb5 Ke8 35. Rb6 Ke7 36. g4 g6 37. h4 Kf7 38. c6 bxc6 39. a6 Rd8 40. Rxc6 Ke7 41. a7 Ra8 42. Ra6 Kd8 43. Kxd5 Kc7 44. Rxf6 1-0

[Event "Montreal Choc des Generations"]
[Site "Montreal"]
[Date "2017.04.07"]
[Round "1.4"]
[White "Tremblay, Rejean"]
[Black "Chiku Ratte, Olivier Kenta"]
[Result "1/2-1/2"]
[WhiteElo "2181"]
[BlackElo "2311"]
[PlyCount "149"]
[EventDate "2017.04.07"]
[EventType "swiss"]
[EventRounds "5"]
[EventCountry "CAN"]
[SourceTitle "EXT 2022"]
[Source "ChessBase"]
[SourceDate "2021.10.06"]
[SourceVersion "1"]
[SourceVersionDate "2021.10.06"]
[SourceQuality "1"]

1. d4 Nf6 2. c4 g6 3. Nc3 Bg7 4. Nf3 0-0 5. Bf4 d6 6. h3 c5 7. dxc5 dxc5 8. Qxd8 Rxd8 9. g4 Be6 10. e3 Nc6 11. Ng5 Bd7 12. 0-0-0 Rac8 13. Nf3 Ne8 14. Nd5 e6 15. Nc3 Bxc3 16. bxc3 Na5 17. Rg1 Bc6 18. Rxd8 Rxd8 19. Nd2 Ba4 20. Be2 f6 21. e4 e5 22. Be3 b6 23. g5 Bd7 24. gxf6 Nxf6 25. h4 Kf7 26. f3 Nh5 27. Nb3 Nc6 28. Bg5 Nf6 29. Nd2 Re8 30. Nf1 Nh5 31. Ne3 Be6 32. Nd5 Rc8 33. f4 Nxf4 34. Bxf4 exf4 35. Nxf4 Ne5 36. Rg5 Kf6 37. Rxe5 Kxe5 38. Nxe6 h5 39. Ng5 Rf8 40. Kd2 Rf2 41. Ke3 Rg2 42. Nf3+ Kf6 43. a4 Ke6 44. Kd3 Rg3 45. Ke3 Rg2 46. e5 a5 47. Kd3 Rg3 48. Ke4 Rg4+ 49. Ke3 Rg2 50. Kd3 Kf5 51. Ke3 Ke6 52. Kd3 Rg3 53. Ke4 Rg4+ 54. Ke3 Rg2 55. Kd3 Rf2 56. Kd2 Rg2 57. Ke1 Ke7 58. Kf1 Rg4 59. Kf2 Rf4 60. Ke3 Rg4 61. Bd3 Rg2 62. Be4 Ra2 63. Bc6 Rc2 64. Kd3 Rf2 65. Be4 Ra2 66. Bc6 Rf2 67. Ke4 Rc2 68. Kd3 Rf2 69. Ke3 Rc2 70. Bb5 Rxc3+ 71. Ke4 Rc2 72. Ng5 Rg2 73. Nf3 Rg4+ 74. Ke3 Ke6 75. Ba6 1/2-1/2

[Event "Quebec Capablanca"]
[Site "Quebec"]
[Date "2016.12.24"]
[Round "2"]
[White "Tremblay, Rejean"]
[Black "Tremblay Alix, Eric"]
[Result "1-0"]
[WhiteElo "2240"]
[BlackElo "1818"]
[PlyCount "81"]
[EventDate "2016.12.12"]
[EventType "swiss"]
[EventRounds "5"]
[EventCountry "CAN"]
[SourceTitle "EXT 2022"]
[Source "ChessBase"]
[SourceDate "2021.10.06"]
[SourceVersion "1"]
[SourceVersionDate "2021.10.06"]
[SourceQuality "1"]

1. d4 Nf6 2. c4 d6 3. Nc3 g6 4. Nf3 Bg7 5. g3 0-0 6. Bg2 Nc6 7. 0-0 Bd7 8. d5 Na5 9. Qd3 c5 10. h3 a6 11. Nd2 b5 12. cxb5 axb5 13. Nde4 c4 14. Qb1 Qc8 15. Nxf6+ Bxf6 16. Bh6 Re8 17. Kh2 b4 18. Ne4 Bh8 19. Rc1 Qa6 20. Qc2 Qb5 21. e3 b3 22. Qb1 bxa2 23. Rxa2 Nb3 24. Rc2 Reb8 25. Rxa8 Rxa8 26. Qf1 Rc8 27. Qe2 Na1 28. Nc3 Qb4 29. Rc1 Nb3 30. Rc2 Rb8 31. Qd1 Nc5 32. Bf1 Na4 33. Na2 Qa5 34. Bxc4 Nxb2 35. Qe2 Ba4 36. Rc1 Nxc4 37. Qxc4 Be8 38. Nc3 f5 39. Ne2 Rb2 40. Qc8 Qb5 41. Qe6+ 1-0

[Event "Montreal Varennes op"]
[Site "Montreal"]
[Date "2016.10.09"]
[Round "4"]
[White "Tremblay, Alain"]
[Black "Tremblay, Rejean"]
[Result "1/2-1/2"]
[WhiteElo "2055"]
[BlackElo "2170"]
[PlyCount "81"]
[EventDate "2016.10.07"]
[EventType "swiss"]
[EventRounds "5"]
[EventCountry "CAN"]
[SourceTitle "CBM 175 Extra"]
[Source "ChessBase"]
[SourceDate "2016.12.12"]
[SourceVersion "1"]
[SourceVersionDate "2016.12.12"]
[SourceQuality "1"]

1. e4 e6 2. d4 d5 3. Nc3 Bb4 4. e5 Qd7 5. Qg4 f5 6. Qh5+ g6 7. Qd1 b6 8. Nf3 Ba6 9. Bd3 Bxc3+ 10. bxc3 Bxd3 11. cxd3 h6 12. h4 Nc6 13. Qb3 0-0-0 14. a4 Nge7 15. Ba3 Na5 16. Qb5 Nec6 17. Qa6+ Kb8 18. Rb1 Ka8 19. Ke2 Nb8 20. Qb5 Qxb5 21. axb5 c6 22. Bd6 cxb5 23. Rxb5 Rc8 24. Kd2 Rc6 25. Ng1 Nb7 26. Ba3 Nd8 27. Ne2 a6 28. Rb2 Nf7 29. Be7 Nd7 30. g3 Re8 31. Ba3 Ka7 32. Nf4 Rg8 33. Be7 a5 34. Rbb1 Ka6 35. Rhe1 Nb8 36. Rh1 Ka7 37. Rbd1 g5 38. hxg5 hxg5 39. Nh5 Rgc8 40. Rc1 R6c7 41. Ba3 1/2-1/2

[Event "Montreal Varennes op"]
[Site "Montreal"]
[Date "2016.10.08"]
[Round "3"]
[White "Tremblay, Rejean"]
[Black "Chiku Ratte, Olivier Kenta"]
[Result "0-1"]
[WhiteElo "2170"]
[BlackElo "2277"]
[PlyCount "60"]
[EventDate "2016.10.07"]
[EventType "swiss"]
[EventRounds "5"]
[EventCountry "CAN"]
[SourceTitle "CBM 175 Extra"]
[Source "ChessBase"]
[SourceDate "2016.12.12"]
[SourceVersion "1"]
[SourceVersionDate "2016.12.12"]
[SourceQuality "1"]

1. d4 Nf6 2. c4 g6 3. Nc3 Bg7 4. Nf3 0-0 5. g3 c5 6. d5 e6 7. Bg2 exd5 8. cxd5 d6 9. 0-0 a6 10. a4 Re8 11. Nd2 Nbd7 12. h3 Rb8 13. Nc4 Ne5 14. Na3 Nh5 15. e4 Bd7 16. g4 b5 17. axb5 axb5 18. Nc2 b4 19. Ne2 Nf6 20. Ne3 Bb5 21. g5 Nfd7 22. f4 Nd3 23. Qd2 c4 24. Rb1 N7c5 25. Qc2 Ba4 26. Qd2 Nb3 27. Qc2 Nbxc1 28. Qxa4 Nxe2+ 29. Kh2 Nexf4 30. Qxe8+ Qxe8 0-1